000 01135nam a2200229Ia 4500
003 Ost
005 20260507075246.0
008 260507s9999||||xx |||||||||||||| ||und||
040 _cfsecg
041 _aara
082 _a330
100 _aالقاضي، زياد عبد الكريم
_eمؤلف
245 0 _aتصميم نظم المعلومات الادارية و المحاسبية /
_c زياد عبد الكريم القاضي
260 _aعمان:
_bمكتبة المجتمع العربي,
_c2010
300 _a533 صفحة؛
_bإيضاحات ؛
_c24 سم
504 _aمراجع ص.533
520 _aمقدمة الى نظم المعلومات ، تكنولوجيا المعلومات ( الانترنيت ) و نظم المعلومات ، التصميم باستخدام مفهوم الكائنات الموحهة ، التصميم التركيبي و تصميم قواعد البيانات ، هيكل النظام المحاسبي .
653 _aالمحاسبة
653 _aنظم المعلومات الادارية
700 _aأبو زلطة، محمد خليل
_eمؤلف ثانوي
942 _cكتاب
999 _c43661
_d43661